Modernism, daily time and everyday life /

Bibliographic Details
Main Author: Randall, Bryony
Format: Book
Language:English
Published: Cambridge, UK ; New York : Cambridge University Press, 2007.
Subjects:

MARC

Tag First Indicator Second Indicator Subfields
LEADER 00000cam a2200000 a 4500
001 in00002362739
005 20151108085617.0
008 070814s2007 enk b 001 0 eng
015 |a GBA766255  |2 bnb 
016 7 |a 013823745  |2 Uk 
020 |a 9780521879842 (hbk.) 
020 |a 0521879841 (hbk.) 
035 |a (OCoLC)ocn154706403 
035 |a (OCoLC)154706403 
040 |a UKM  |c UKM  |d BTCTA  |d BAKER  |d YDXCP  |d BWKUK  |d UtOrBLW 
049 |a TXAM 
050 4 |a PN56.M54  |b R36 2007 
082 0 4 |a 809.93354  |2 22 
100 1 |a Randall, Bryony. 
245 1 0 |a Modernism, daily time and everyday life /  |c Bryony Randall. 
264 1 |a Cambridge, UK ;  |a New York :  |b Cambridge University Press,  |c 2007. 
300 |a x, 221 pages ;  |c 24 cm. 
336 |a text  |b txt  |2 rdacontent 
337 |a unmediated  |b n  |2 rdamedia 
338 |a volume  |b nc  |2 rdacarrier 
504 |a Includes bibliographical references (pages 208-216) and index. 
650 0 |a Manners and customs in literature. 
650 0 |a Time in literature. 
650 0 |a Modernism (Literature) 
650 0 |a Literature, Modern  |y 20th century  |x History and criticism. 
650 0 |a Time  |x Philosophy. 
650 0 |a Manners and customs  |x Philosophy. 
938 |a Baker and Taylor  |b BTCP  |n BK0007259389 
938 |a Baker & Taylor  |b BKTY  |c 85.00  |d 85.00  |i 0521879841  |n 0007259389  |s active 
938 |a YBP Library Services  |b YANK  |n 100470961 
945 |a PromptCat  |b 343830 
946 |a stk 
947 |a A14836589584 
994 |a 92  |b TXA 
948 |a cataloged  |b h  |c 2008/2/28  |d c  |e asalazar  |f 3:57:53 pm 
999 |a MARS 
999 f f |s 394dde7d-c5e7-3b18-adc2-bb6708917d51  |i b021a5fd-487d-3082-a3dc-4a1720a6810e  |t 0 
952 f f |p normal  |a Texas A&M University  |b College Station  |c Sterling C. Evans Library  |d Evans: Library Stacks  |t 0  |e PN56.M54 R36 2007  |h Library of Congress classification  |i unmediated -- volume  |m A14836589584 
998 f f |a PN56.M54 R36 2007  |t 0  |l Evans: Library Stacks